000 00422cam a2200169u 4500
001 unk83048448
003 DLC
005 20260227112800.0
008 830823s1935 gw 000 0 eng
010 _aunk83048448
040 _aDLC
_cCarP
_dDLC
050 0 0 _aPT1848
_b.A17 1935
100 1 _aDroste-Hülshoff, Annette von,
_d1797-1848
245 1 0 _aDroste ...
260 _a[Berlin, etc.,
_c1935]
300 _a1 pam. cm.
999 _c91454
_d91454